| 000 -LEADER |
| fixed length control field |
00724nam a22001577a 4500 |
| 003 - CONTROL NUMBER IDENTIFIER |
| control field |
LRUA |
| 005 - DATE AND TIME OF LATEST TRANSACTION |
| control field |
20240402213446.0 |
| 008 - FIXED-LENGTH DATA ELEMENTS--GENERAL INFORMATION |
| fixed length control field |
240402b xxu||||| |||| 00| 0 eng d |
| 040 ## - CATALOGING SOURCE |
| Transcribing agency |
RUA |
| 082 ## - DEWEY DECIMAL CLASSIFICATION NUMBER |
| Edition number |
AGR LOE 2022 B1-570 Or. |
| 100 ## - MAIN ENTRY--PERSONAL NAME |
| 9 (RLIN) |
16423 |
| Personal name |
LOEM KIMSHINH លឹម គីមសុីញ |
| 245 ## - TITLE STATEMENT |
| Title |
DETERMINATION OF THE AMOUNT OF HYDNOPHYTUM FORMICARUM JACK AND TEMPERATURE FOR AGING THE WHISKEY PRODUCT. ការកំណត់បរិមាណម្រោចសួតដំរី និងសីតុណ្ហភាពត្រាំសម្រាប់ដំណើរការផលិតស្រាវីស្គី |
| 260 ## - PUBLICATION, DISTRIBUTION, ETC. (IMPRINT) |
| Place of publication, distribution, etc. |
Phnom Penh |
| Name of publisher, distributor, etc. |
RUA |
| Date of publication, distribution, etc. |
2022 |
| 300 ## - PHYSICAL DESCRIPTION |
| Extent |
IX.40P |
| Other physical details |
VII. |
| Dimensions |
29CM |
| 942 ## - ADDED ENTRY ELEMENTS (KOHA) |
| Source of classification or shelving scheme |
|
| Koha item type |
AGR |